000
00304nam a22001217a 4500
082
_a
822
_b
KHA
100
_a
Khan, Ameer ali
_9
51119
245
_a
اسلامی نام
260
_a
Lahore,
_b
Islami kutub Khana,
_c
2000.
300
_a
432p.
526
_a
0
_b
0
_c
0
_d
822_000000000000000_KHA
942
_2
ddc
_c
BK
999
_c
553871
_d
553871